The story of Christianity. (Record no. 52952)
[ view plain ]
| 000 -LEADER | |
|---|---|
| fixed length control field | 02273cam a22003375a 4500 |
| 001 - CONTROL NUMBER | |
| control field | 16799254 |
| 005 - DATE AND TIME OF LATEST TRANSACTION | |
| control field | 20240607163030.0 |
| 008 - FIXED-LENGTH DATA ELEMENTS--GENERAL INFORMATION | |
| fixed length control field | 110526s2010 nyuab b 001 0 eng |
| 010 ## - LIBRARY OF CONGRESS CONTROL NUMBER | |
| LC control number | 2011381373 |
| 015 ## - NATIONAL BIBLIOGRAPHY NUMBER | |
| National bibliography number | GBB055113 |
| Source | bnb |
| 016 7# - NATIONAL BIBLIOGRAPHIC AGENCY CONTROL NUMBER | |
| Record control number | 015540520 |
| Source | Uk |
| 020 ## - INTERNATIONAL STANDARD BOOK NUMBER | |
| International Standard Book Number | 9780061855894 |
| 035 ## - SYSTEM CONTROL NUMBER | |
| System control number | (OCoLC)ocn620081768 |
| 040 ## - CATALOGING SOURCE | |
| Original cataloging agency | UKM |
| Transcribing agency | UKM |
| Modifying agency | BTCTA |
| -- | YDXCP |
| -- | BTA |
| -- | VP@ |
| -- | WIM |
| -- | C#P |
| -- | CDX |
| -- | SOR |
| -- | DLC |
| 042 ## - AUTHENTICATION CODE | |
| Authentication code | lccopycat |
| 100 1# - MAIN ENTRY--PERSONAL NAME | |
| Personal name | González, Justo L. |
| 245 14 - TITLE STATEMENT | |
| Title | The story of Christianity. |
| Number of part/section of a work | Volume 2 |
| Name of part/section of a work | The Reformation to the Present Day / |
| Statement of responsibility, etc | Justo L. Gonzalez. |
| 250 ## - EDITION STATEMENT | |
| Edition statement | Rev. and updated [ed.], 2nd ed. |
| 260 ## - PUBLICATION, DISTRIBUTION, ETC. (IMPRINT) | |
| Place of publication, distribution, etc | New York : |
| Name of publisher, distributor, etc | HarperCollins, |
| Date of publication, distribution, etc | c2010. |
| 300 ## - PHYSICAL DESCRIPTION | |
| Extent | x, 550 p. : |
| Other physical details | ill., maps ; |
| Dimensions | 23 cm. |
| 336 ## - CONTENT TYPE | |
| Content Type Term | text |
| 337 ## - MEDIA TYPE | |
| Media Type Term | unmediated |
| 338 ## - CARRIER TYPE | |
| Carrier Type Term | volume |
| 504 ## - BIBLIOGRAPHY, ETC. NOTE | |
| Bibliography, etc | Includes bibliographical references and index. |
| 505 0# - FORMATTED CONTENTS NOTE | |
| Formatted contents note | v. 2. The Reformation to the present day<br/>The call for Reformation<br/>Martin Luther: pilgrimage to Reformation<br/>An uncertain decade<br/>Luther's theology<br/>Ulrich Zwingli and the Swiss Reformation<br/>The radical Reformation<br/>John Calvin<br/>The Reformation in Great Britain<br/>Further developments within Lutheranism<br/>The Reformation in the Low Countries<br/>Protestantism in France<br/>The Catholic Reformation<br/>Protestantism at the edges<br/>A convulsed age<br/>An age of dogma and doubt<br/>The Thirty Years' War<br/>The Church of the desert<br/>The Puritan Reformation<br/>Catholic Orthodoxy<br/>Lutheran Orthodoxy<br/>Reformed Orthodoxy<br/>The rationalist option<br/>The spiritualist option<br/>The pietist option<br/>The thirteen colonies<br/>An age beyond Christendom<br/>A shifting landscape: the United States<br/>A shifting landscape: Western Europe<br/>A shifting landscape: Latin America<br/>A shifting landscape: Eastern Christianity<br/>Protestant theology<br/>Catholicism in the face of modernity<br/>Geographic expansion<br/>Roman Catholic Christianity<br/>Crisis at the center: Protestantism in Europe<br/>Crisis at the center: Protestantism in the United States<br/>Vitality at the periphery<br/>A global history |
| 650 #0 - SUBJECT ADDED ENTRY--TOPICAL TERM | |
| Topical term or geographic name as entry element | Church history |
| Chronological subdivision | Primitive and early church, ca. 30-600. |
| 650 #0 - SUBJECT ADDED ENTRY--TOPICAL TERM | |
| Topical term or geographic name as entry element | Church history |
| Chronological subdivision | Middle Ages, 600-1500. |
| 650 #7 - SUBJECT ADDED ENTRY--TOPICAL TERM | |
| Topical term or geographic name as entry element | Church history |
| Chronological subdivision | 30-600, Early church. |
| Source of heading or term | sears |
| 650 #7 - SUBJECT ADDED ENTRY--TOPICAL TERM | |
| Topical term or geographic name as entry element | Church history |
| Chronological subdivision | 600-1500, Middle Ages. |
| Source of heading or term | sears |
| 942 ## - ADDED ENTRY ELEMENTS (KOHA) | |
| Source of classification or shelving scheme | Library of Congress Classification |
| Item type | Books |
| Withdrawn status | Lost status | Source of classification or shelving scheme | Damaged status | Not for loan | Home library | Current library | Shelving location | Date acquired | Serial Enumeration / chronology | Inventory number | Total Checkouts | Full call number | Barcode | Date last seen | Price effective from | Koha item type | Source of acquisition | Copy number |
|---|---|---|---|---|---|---|---|---|---|---|---|---|---|---|---|---|---|---|
| Library of Congress Classification | BSOP Library | BSOP Library | GC | 06/07/2024 | v.II | 48286 | BR142 G58 2010 | 00058422 | 06/07/2024 | 06/07/2024 | Books | |||||||
| Library of Congress Classification | BSOP Library | BSOP Library | GC | 08/21/2024 | v.II | 49977 | BR142 G58 2010 | 00058548 | 08/21/2024 | 08/21/2024 | Books | Amazon | c.2 |
